000 00579nam a2200205Ia 4500
005 20250508151016.0
008 008 250505s9999 xx 000 0 eng d
037 _aTextual
040 _aFEDL
_beng
_cFEDL
041 _aeng
_2eng
084 _a157.92, MIK
_qFEDL
100 _aMikesell William H.
_9758180
245 0 _aPsychology of adjustment
260 _aNew York, USA
_bD. Van Nostrand Company
300 _aix,406p.
650 _aAbnormal Psychology
700 _a Hanson Gordon
_9758181
942 _cTEXL
_h157.92, MIK
999 _c1327015
_d1327015